Schaum's Basic Electrical Engineering (Record no. 22934)

MARC details
000 -LEADER
fixed length control field 00446nam a2200169Ia 4500
008 - FIXED-LENGTH DATA ELEMENTS--GENERAL INFORMATION
fixed length control field 230524s9999 xx 000 0 und d
082 ## - DEWEY DECIMAL CLASSIFICATION NUMBER
Classification number 621.3841
Item number CAT
100 ## - MAIN ENTRY--AUTHOR NAME
Personal name Jimmie J.Cathey
245 #0 - TITLE STATEMENT
Title Schaum's Basic Electrical Engineering
250 ## - EDITION STATEMENT
Edition statement 2ND
260 ## - PUBLICATION, DISTRIBUTION, ETC. (IMPRINT)
Place of publication NEW DELHI
Name of publisher Jimmie J. Cathey & Syed A.Nasar
Year of publication 2004
300 ## - PHYSICAL DESCRIPTION
Number of Pages VIII;335
500 ## - GENERAL NOTE
General note Quantity Number: 5
650 ## - SUBJECT ADDED ENTRY--TOPICAL TERM
Topical Term Electrical
700 ## - ADDED ENTRY--PERSONAL NAME
Personal name Syed A.Nasar
942 ## - ADDED ENTRY ELEMENTS (KOHA)
Koha item type Books
Holdings
Lost status Damaged status Permanent Location Current Location Shelving location Date acquired Full call number Accession Number Koha item type
    Central Library, Trident Academy of Technology Central Library, Trident Academy of Technology General Stacks 05/24/2023 621.3841 CAT 570 Books
    Central Library, Trident Academy of Technology Central Library, Trident Academy of Technology General Stacks 05/24/2023 621.3841 CAT 571 Books
    Central Library, Trident Academy of Technology Central Library, Trident Academy of Technology General Stacks 05/24/2023 621.3841 CAT 572 Books
    Central Library, Trident Academy of Technology Central Library, Trident Academy of Technology General Stacks 05/24/2023 621.3841 CAT 573 Books
    Central Library, Trident Academy of Technology Central Library, Trident Academy of Technology General Stacks 05/24/2023 621.3841 CAT 574 Books
Trident Academy of Technology © 2023.
All rights reserved.                                                                                                                                                                                                        Designed by Team of Central Library .

Powered by Koha